Loading...
| Literature - American | 0 | 2 | 0 | 0 | 20 | 124 | 125.00 | 0 | 1 | 2.80 | 8.00 |
| Literature - European | 0 | 2 | 0 | 0 | 20 | 140 | 140.00 | 0 | 1 | 0.14 | 4.00 |
| Social Science | 0 | 1 | 0 | 0 | 10 | 68 | 68.00 | 0 | 0 | 3.58 | 2.00 |
| History - Other | 0 | 1 | 0 | 1 | 10 | 135 | 135.00 | 0 | 0 | 0.00 | 2.00 |
| Mythology | 0 | 1 | 0 | 0 | 10 | 106 | 106.00 | 0 | 0 | 1.52 | 2.00 |
| Religion | 0 | 1 | 0 | 1 | 10 | 129 | 129.00 | 0 | 0 | 0.00 | 2.00 |
| Science - Chemistry | 0 | 1 | 0 | 0 | 10 | 87 | 87.00 | 1 | 1 | 2.50 | 10.00 |
| History - European | 0 | 1 | 1 | 1 | 5 | 117 | 117.00 | 0 | 0 | 0.00 | 2.00 |
| Fine Arts - Classical Music | 0 | 0 | 0 | 0 | 0 | 0.00 | 0 | 0 | 0.00 | 0.00 | |
| Fine Arts - Painting and Sculpture | 0 | 0 | 0 | 0 | 0 | 0.00 | 0 | 0 | 0.00 | 0.00 | |
| Fine Arts - Other | 0 | 0 | 0 | 0 | 0 | 0.00 | 0 | 0 | 0.00 | 0.00 | |
| Literature - World | 0 | 0 | 1 | 0 | -5 | 0.00 | 0 | 0 | 0.00 | 0.00 |